<?xml version="1.0" encoding="UTF-8"?>
<record
    xmlns:xsi="http://www.w3.org/2001/XMLSchema-instance"
    xsi:schemaLocation="http://www.loc.gov/MARC21/slim http://www.loc.gov/standards/marcxml/schema/MARC21slim.xsd"
    xmlns="http://www.loc.gov/MARC21/slim">

  <leader>00888cam a22002411  4500</leader>
  <controlfield tag="001">ne 65001912 </controlfield>
  <controlfield tag="003">DLC</controlfield>
  <controlfield tag="005">20260227111816.0</controlfield>
  <controlfield tag="008">890522s1959    ua            000 0 arar </controlfield>
  <datafield tag="010" ind1=" " ind2=" ">
    <subfield code="a">ne 65001912 </subfield>
  </datafield>
  <datafield tag="035" ind1=" " ind2=" ">
    <subfield code="a">(OCoLC)19746870</subfield>
  </datafield>
  <datafield tag="040" ind1=" " ind2=" ">
    <subfield code="a">DLC</subfield>
    <subfield code="c">WaU</subfield>
    <subfield code="d">WaU</subfield>
    <subfield code="d">DLC</subfield>
  </datafield>
  <datafield tag="042" ind1=" " ind2=" ">
    <subfield code="a">premarc</subfield>
  </datafield>
  <datafield tag="043" ind1=" " ind2=" ">
    <subfield code="a">a-iq---</subfield>
  </datafield>
  <datafield tag="050" ind1="0" ind2="0">
    <subfield code="a">PJ8040</subfield>
    <subfield code="b">.D8</subfield>
  </datafield>
  <datafield tag="100" ind1="1" ind2=" ">
    <subfield code="a">Dujayl&#x12B;, &#x2BB;Abd al-Kar&#x12B;m,</subfield>
    <subfield code="d">1912-</subfield>
  </datafield>
  <datafield tag="245" ind1="1" ind2="0">
    <subfield code="a">Mu&#x1E25;&#x101;&#x1E0D;ar&#x101;t &#x2BB;an al-shi&#x2BB;r al-&#x2BB;Ir&#x101;q&#x12B; al-&#x1E25;ad&#x12B;th,</subfield>
    <subfield code="c">alq&#x101;h&#x101; &#x2BB;Abd al-Kar&#x12B;m al-Dujayl&#x12B; &#x2BB;al&#xE1; &#x1E6D;alibat Qism al-Dir&#x101;s&#x101;t al-Adab&#x12B;yah wa-al-Lughaw&#x12B;yah.</subfield>
  </datafield>
  <datafield tag="260" ind1=" " ind2=" ">
    <subfield code="a">[al-Q&#x101;hirah]</subfield>
    <subfield code="b">J&#x101;mi&#x2BB;at al-Duwal al-&#x2BB;Arab&#x12B;yah, Ma&#x2BB;had al-Dir&#x101;s&#x101;t al-&#x2BB;Arab&#x12B;yah al-&#x2BB;&#x100;liyah,</subfield>
    <subfield code="c">1959.</subfield>
  </datafield>
  <datafield tag="300" ind1=" " ind2=" ">
    <subfield code="a">223 p.</subfield>
    <subfield code="c">24 cm.</subfield>
  </datafield>
  <datafield tag="504" ind1=" " ind2=" ">
    <subfield code="a">Bibliographical footnotes.</subfield>
  </datafield>
  <datafield tag="650" ind1=" " ind2="0">
    <subfield code="a">Arabic poetry</subfield>
    <subfield code="z">Iraq</subfield>
    <subfield code="x">History and criticism.</subfield>
  </datafield>
  <datafield tag="740" ind1="0" ind2=" ">
    <subfield code="a">Shi&#x2BB;r al-&#x2BB;Ir&#x101;q&#x12B; al-&#x1E25;ad&#x12B;t&#x1E25;.</subfield>
  </datafield>
  <datafield tag="999" ind1=" " ind2=" ">
    <subfield code="c">48360</subfield>
    <subfield code="d">48360</subfield>
  </datafield>
</record>
